El libro del triatlón
Guardat en:
| Autor principal: | |
|---|---|
| Format: | Llibre |
| Idioma: | espanyol |
| Publicat: |
Madrid
Arthax
1987
|
| Matèries: | |
| Etiquetes: |
Afegir etiqueta
Sense etiquetes, Sigues el primer a etiquetar aquest registre!
|
MARC
| LEADER | 00000nam a2200000 a 4500 | ||
|---|---|---|---|
| 001 | UCY3204 | ||
| 003 | CL-VaPUC | ||
| 008 | 941219e19870000SP |||||||||||||||||spa|d | ||
| 082 | 0 | 4 | |a 796.426 |b BAL |2 21 |
| 100 | 0 | |a Ballesteros, Joaquín |e author |9 331455 | |
| 245 | 1 | 3 | |a El libro del triatlón |
| 300 | |a 241 p | ||
| 942 | |c BK | ||
| 945 | |d 19941219 00:00:00 |a rbrito | ||
| 260 | |a Madrid |b Arthax |c 1987 | ||
| 650 | 7 | |a TRIATLON |2 CL-VaPUC |9 331456 | |
| 583 | |a last modification |c 19941219 00:00:00 |k Rodrigo Vera | ||
| 999 | |c 231412 |d 231410 | ||
| 952 | |0 0 |1 0 |4 0 |6 796_426000000000000_BAL_1987 |7 0 |8 A |9 234646 |a BIBEDU |b BIBEDU |d 2019-11-15 |i 304226K |o 796.426 BAL 1987 |p 304226K |r 2019-11-15 |w 2019-11-15 |y BK |k EFI | ||